000 00531nam a2200169 4500
001 140393
003 ES-MaACL
005 20230906200053.0
007 t|
008 070214s1954 sp r ||||1| spa d
100 1 _aSegura Covarsí, Enrique.
_9105216
245 1 0 _aEspronceda y el Tasso /
_cEnrique Segura Covarsí.
260 _aMadrid :
_b[s. n.],
_c1954.
300 _a14 p. ;
_c25 cm.
500 _aSeparata de: Revista de Literatura, fasc. 8, octubre-diciembre 1953, p. 399-412.
852 _aES-MaACL
_j1961-F-28
_bR.36473
999 _c140393
_d140393